000 00325nam a2200133 i 4500
001 bg
100 1 _aBOERNER, Roman
245 0 _aDortstellungen von gruppen /
_cRoman Boerner.
260 _aBerlin :
_bSpringer -Verlag,
_c1967.
040 _cBPK
041 _apol
942 _cKS
008 s pl f |000 0 pol
999 _c21044
_d21044
856 _uhttp://koha.tu.koszalin.pl/cgi-bin/koha/opac-detail.pl?biblionumber=21044
_yKatalog online BPK